[Event "2012(Zaozhuang-China) Asian Nations Chess Cup"]
[Site "ZaoZhuang, China"]
[Date "2012.05.23"]
[Round "6"]
[Board "3"]
[White "Muhammad, Luthfi Ali"]
[Black "Battulga, Namkhai"]
[Result "0-1"]
[WhiteElo "2027"]
[BlackElo "2397"]
[PlyCount "0"]
[EventDate "2012.05.17"]
[EventType "team"]
[EventRounds "9"]
[EventCountry "CHN"]
[WhiteTeam "Indonesia"]
[BlackTeam "Mongolia"]

1. e4 c5 2. Nf3 d6 3. d4 cxd4 4. Nxd4 Nf6 5. Nc3 a6 6. Bc4 e6 7. Bb3 b5 8. O-O
Qc7 9. Qf3 Bb7 10. Re1 b4 11. Na4 Nc6 12. Nxc6 Bxc6 13. Bg5 Be7 14. a3 a5 15.
c3 Qb7 16. Bxf6 Bxf6 17. Qd1 O-O 18. axb4 axb4 19. Qxd6 bxc3 20. Nc5 Rxa1 21.
Rxa1 cxb2 22. Rb1 Qa8 23. e5 Rd8 24. Qc7 Qa1 0-1

[Event "2012(Zaozhuang-China) Asian Nations Chess Cup"]
[Site "ZaoZhuang, China"]
[Date "2012.05.23"]
[Round "6"]
[Board "1"]
[White "Camacho Collados, Jose"]
[Black "Nasser, Zendan Ali"]
[Result "1-0"]
[WhiteElo "2353"]
[BlackElo "2377"]
[PlyCount "0"]
[EventDate "2012.05.17"]
[EventType "team"]
[EventRounds "9"]
[EventCountry "CHN"]
[WhiteTeam "Korea"]
[BlackTeam "Yemen"]

1. Nf3 Nf6 2. g3 g6 3. Bg2 Bg7 4. d4 d5 5. c4 O-O 6. cxd5 Nxd5 7. O-O Nb6 8.
Nc3 Nc6 9. d5 Na5 10. Qc2 c6 11. dxc6 Nxc6 12. Rd1 Qc7 13. a4 Nb4 14. Qe4 Qc4
15. Qxc4 Nxc4 16. a5 Na6 17. Ra4 Bxc3 18. bxc3 Nd6 19. Bg5 f6 20. Bh6 Rd8 21.
Rad4 Be6 22. Bf4 Nf7 23. Ne1 Nc5 24. a6 bxa6 25. Bxa8 Rxa8 26. Rb4 a5 27. Rb8+
Rxb8 28. Bxb8 a4 29. Bxa7 Ne4 30. Rc1 a3 31. Bd4 Bc4 32. Nc2 a2 33. Ne3 Bxe2
34. c4 Nd2 35. Bb2 Nb3 36. Rc3 a1=Q+ 37. Bxa1 Nxa1 38. Ra3 Nc2 39. Nxc2 Bxc4
40. Ne3 Be6 41. Ra6 Nd6 42. Kg2 Kf7 43. Kf3 f5 44. Nc2 Bd5+ 45. Ke3 Be4 46. Nd4
Nc4+ 47. Ke2 Nd6 48. Ra7 Kf6 49. Nb3 g5 50. Nc5 Bd5 51. Ke3 h6 52. Nd7+ Ke6 53.
Nc5+ Kf6 54. Rd7 g4 55. Rd8 Bf3 56. Nd3 Bd5 57. Kf4 Bf7 58. Ne5 Be8 59. Ra8 Bb5
60. Rf8+ Kg7 61. Rxf5 Nxf5 62. Kxf5 Be2 63. Nxg4 Bc4 64. Ne5 Bd5 65. h4 Bb3 66.
Nc6 Kf7 67. Nd4 Ba2 68. Ke5 e6 69. Nb5 Bb3 70. Nd6+ Ke7 71. Ne4 Kf7 72. Nd6+
Ke7 73. f4 h5 74. Ne4 Bc2 75. Nc5 Bf5 76. Ne4 Bh7 77. Nd6 Bg6 78. Nc8+ Kf7 79.
Nb6 Ke7 80. Nc4 Bh7 81. Ne3 Bg6 82. f5 exf5 83. Nd5+ Kf8 84. Nf4 Bh7 85. Kf6
Kg8 86. Ng6 1-0

[Event "2012(Zaozhuang-China) Asian Nations Chess Cup"]
[Site "ZaoZhuang, China"]
[Date "2012.05.23"]
[Round "6"]
[Board "2"]
[White "Ahmed, Hatem Ebrahim"]
[Black "Lee, Sanghoon"]
[Result "1-0"]
[WhiteElo "2278"]
[BlackElo "2137"]
[PlyCount "0"]
[EventDate "2012.05.17"]
[EventType "team"]
[EventRounds "9"]
[EventCountry "CHN"]
[WhiteTeam "Yemen"]
[BlackTeam "Korea"]

1. Nf3 c5 2. g3 Nc6 3. d4 cxd4 4. Nxd4 g6 5. Bg2 Bg7 6. Nxc6 bxc6 7. O-O Nh6 8.
c4 O-O 9. Qa4 Qb6 10. Nc3 Nf5 11. Rd1 Rb8 12. Bf4 e5 13. Bd2 Rb7 14. b3 Re8 15.
Rac1 Qc7 16. Kf1 Rb6 17. Qa5 Qb8 18. Na4 Ra6 19. Qb4 Qc7 20. c5 Nd4 21. Bc3 Bb7
22. e3 Ne6 23. Qc4 Qc8 24. Kg1 f5 25. Bf1 Qc7 26. Bb4 e4 27. Qc2 Ng5 28. Bc4+
Kh8 29. Qe2 Qc8 30. Rd6 Be5 31. Rcd1 Nf3+ 32. Kg2 Bxd6 33. Rxd6 Ne5 34. Bc3 Re7
35. Bxe5+ Rxe5 36. Qb2 Qe8 37. Re6 Qxe6 38. Bxe6 d6 39. cxd6 Raa5 40. d7 1-0

[Event "2012(Zaozhuang-China) Asian Nations Chess Cup"]
[Site "ZaoZhuang, China"]
[Date "2012.05.23"]
[Round "6"]
[Board "3"]
[White "Chogdov, Munkhbat"]
[Black "Ali, Yahya Saleh"]
[Result "1/2-1/2"]
[WhiteElo "2245"]
[BlackElo "2256"]
[PlyCount "0"]
[EventDate "2012.05.17"]
[EventType "team"]
[EventRounds "9"]
[EventCountry "CHN"]
[WhiteTeam "Korea"]
[BlackTeam "Yemen"]

1. c4 e5 2. Nc3 Nc6 3. Nf3 Nf6 4. d3 h6 5. g3 d5 6. cxd5 Nxd5 7. Bg2 Be6 8. O-O
Qd7 9. a3 Be7 10. Re1 O-O 11. Nxd5 Bxd5 12. b4 Bf6 13. Be3 Nd4 14. Bxd4 exd4
15. Nd2 Bxg2 16. Kxg2 Qd5+ 17. Kg1 Rfe8 18. Qb3 Qh5 19. Ne4 Re5 20. Rac1 c6 21.
Rc5 Be7 22. Rxe5 Qxe5 23. Rc1 Rd8 24. a4 Qd5 25. Qb2 f5 26. Nd2 a6 27. Nf3 Rd7
28. Rc4 Bf6 29. Rc5 Qe6 30. b5 axb5 31. axb5 Kh7 32. bxc6 bxc6 33. Qc2 Rd6 34.
Kf1 Kg6 35. Qa4 Qd7 36. h4 Qe6 37. Qc2 Qd7 38. Ng1 Qe6 39. Qc1 Kh7 40. Nf3 Qd7
41. Qc4 f4 42. gxf4 Qh3+ 43. Ke1 Bxh4 44. Rxc6 Rd8 45. Nxh4 Qh1+ 46. Kd2 Qxh4
47. Qf7 Qxf2 48. Qf5+ Kg8 49. Rc8 Qe3+ 50. Kd1 Rxc8 51. Qxc8+ Kf7 52. Qf5+ Ke7
53. Qg6 Qxf4 54. Qxg7+ Ke6 55. Qg6+ 1/2-1/2

[Event "2012(Zaozhuang-China) Asian Nations Chess Cup"]
[Site "ZaoZhuang, China"]
[Date "2012.05.23"]
[Round "6"]
[Board "4"]
[White "Salman, Saleh"]
[Black "Kim, Changhoon"]
[Result "1/2-1/2"]
[WhiteElo "2010"]
[BlackElo "1791"]
[PlyCount "0"]
[EventDate "2012.05.17"]
[EventType "team"]
[EventRounds "9"]
[EventCountry "CHN"]
[WhiteTeam "Yemen"]
[BlackTeam "Korea"]

1. e4 c6 2. d4 d5 3. e5 c5 4. c3 Nc6 5. b3 cxd4 6. cxd4 Bf5 7. Nf3 e6 8. Be2
Bb4+ 9. Bd2 Qa5 10. a3 Bxd2+ 11. Qxd2 Qxd2+ 12. Nbxd2 Nge7 13. O-O O-O 14. Rac1
Bg4 15. h3 Bxf3 16. Nxf3 Nf5 17. Rfd1 Rac8 18. Kf1 Na5 19. b4 Nb3 20. Rb1 Rc3
21. g4 Ne7 22. Rd3 Rc1+ 23. Rxc1 Nxc1 24. Rc3 Nxe2 25. Kxe2 Rc8 26. Rc5 f6 27.
Ke3 Kf7 28. Kf4 Rxc5 29. bxc5 Ng6+ 30. Ke3 fxe5 31. dxe5 h6 32. h4 Ne7 33. Nd4
Nc6 34. Nf3 Na5 35. Nd2 g5 36. hxg5 hxg5 37. Kd3 Nc6 38. Nf3 Kg6 39. Kc3 Kh6
40. Kb3 Kg6 41. Ka4 a6 42. Kb3 1/2-1/2

[Event "2012(Zaozhuang-China) Asian Nations Chess Cup"]
[Site "ZaoZhuang, China"]
[Date "2012.05.23"]
[Round "6"]
[Board "1"]
[White "Lai, Cyrus Ho-yeung"]
[Black "Goh, Wei Ming Kevin"]
[Result "0-1"]
[WhiteElo "1826"]
[BlackElo "2426"]
[PlyCount "0"]
[EventDate "2012.05.17"]
[EventType "team"]
[EventRounds "9"]
[EventCountry "CHN"]
[WhiteTeam "Hong Kong"]
[BlackTeam "Singapore"]

1. e4 c5 2. Nf3 e6 3. d4 cxd4 4. Nxd4 a6 5. Nc3 Qc7 6. Bd3 Nf6 7. O-O d6 8. Kh1
Nbd7 9. a4 b6 10. f4 Bb7 11. f5 e5 12. Nb3 Bc6 13. Qe2 Qb7 14. Bg5 Be7 15. Nd2
O-O 16. b4 Qc8 17. b5 axb5 18. Nxb5 Qd8 19. Nc4 Nc5 20. Bxf6 Bxf6 21. Ncxd6
Nxa4 22. Bc4 Qe7 23. Rab1 Rad8 24. Rb4 Nc5 25. Rd1 Nb7 26. Nxb7 Rxd1+ 27. Qxd1
Qxb4 28. N7d6 Bxb5 29. Bxb5 Rd8 0-1

[Event "2012(Zaozhuang-China) Asian Nations Chess Cup"]
[Site "ZaoZhuang, China"]
[Date "2012.05.23"]
[Round "6"]
[Board "2"]
[White "Chan, Yi Ren Daniel"]
[Black "Lo, Cheuk Wai"]
[Result "1-0"]
[WhiteElo "2333"]
[BlackElo "1818"]
[PlyCount "0"]
[EventDate "2012.05.17"]
[EventType "team"]
[EventRounds "9"]
[EventCountry "CHN"]
[WhiteTeam "Singapore"]
[BlackTeam "Hong Kong"]

1. e4 e6 2. Nf3 d5 3. Nc3 a6 4. d4 Nf6 5. e5 Nfd7 6. Bf4 c5 7. dxc5 Nc6 8. Bd3
Bxc5 9. O-O f6 10. exf6 Nxf6 11. Na4 Ba7 12. Ne5 O-O 13. Nxc6 bxc6 14. Be5 Qe8
15. c4 dxc4 16. Bxc4 Ne4 17. Bd4 c5 18. Be5 Rf5 19. f4 Bb7 20. Nc3 Nxc3 21.
bxc3 Bb8 22. Qb3 Qc6 23. Rf2 Kh8 24. Bxe6 c4 25. Qb4 Ba7 26. Bd4 Rxf4 27. Bd7
Qd5 28. Be6 Qc6 29. Raf1 h6 30. Bxa7 Rxa7 31. Bh3 Rxf2 32. Rxf2 Ra8 33. Rf8+
Rxf8 34. Qxf8+ Kh7 35. Bf5+ g6 36. Qf7+ Kh8 37. Qxg6 Qxg6 38. Bxg6 Kg7 39. Bh5
Be4 40. Bf3 Bb1 41. a3 Kf6 42. Be2 Ba2 43. Kf2 Ke5 44. Ke3 a5 45. g4 Bb3 46. h4
Ba2 47. g5 hxg5 48. hxg5 Kf5 49. Kd4 Kxg5 50. Bxc4 Bb1 51. Bd3 Ba2 52. c4 Kf6
53. Kc3 a4 54. Bc2 Ke5 55. Bxa4 Kd6 56. Bb3 Bb1 57. Bc2 Ba2 58. Kb4 Kc6 59. a4
Kb6 60. Bd3 1-0

[Event "2012(Zaozhuang-China) Asian Nations Chess Cup"]
[Site "ZaoZhuang, China"]
[Date "2012.05.24"]
[Round "7"]
[Board "3"]
[White "Ding, Liren"]
[Black "Muhammad, Luthfi Ali"]
[Result "1-0"]
[WhiteElo "2679"]
[BlackElo "2027"]
[PlyCount "0"]
[EventDate "2012.05.17"]
[EventType "team"]
[EventRounds "9"]
[EventCountry "CHN"]
[WhiteTeam "China 1"]
[BlackTeam "Indonesia"]

1. Nf3 Nf6 2. c4 g6 3. Nc3 Bg7 4. e4 d6 5. d4 O-O 6. h3 e5 7. d5 a5 8. g4 Na6
9. Be3 Nc5 10. Nd2 Nfd7 11. Rg1 Nb6 12. Qf3 c6 13. g5 f5 14. gxf6 Bxf6 15.
O-O-O cxd5 16. cxd5 Bd7 17. Kb1 Nba4 18. Nxa4 Bxa4 19. Rc1 Bh4 20. Qh5 Qf6 21.
f3 Kh8 22. Qh6 Rac8 23. Rg4 g5 24. Qxf6+ Rxf6 25. Bxg5 Bxg5 26. Rxg5 Be8 27.
Be2 a4 28. Rcg1 Rg6 29. Nc4 Rd8 30. h4 Rxg5 31. Rxg5 h6 32. Rg2 Kh7 33. Ne3 Bg6
34. Kc2 Rf8 35. Kd2 Rf4 36. Nc4 Rf6 37. Ke3 Be8 38. Rg1 Bb5 39. Nb6 Be8 40. Rc1
Kg7 41. Nc8 Na6 42. Ne7 Kf8 43. Nf5 Bd7 44. Bxa6 bxa6 45. f4 Ke8 46. Rf1 Kd8
47. h5 Be8 48. Ng3 Rf8 49. fxe5 Rg8 50. Nf5 dxe5 51. Nxh6 Rg3+ 52. Rf3 Rg2 53.
Nf7+ Ke7 54. Nxe5 Rxb2 55. Rf2 Rxf2 56. Kxf2 Bxh5 57. Ke3 Bd1 58. a3 1-0

[Event "2012(Zaozhuang-China) Asian Nations Chess Cup"]
[Site "ZaoZhuang, China"]
[Date "2012.05.24"]
[Round "7"]
[Board "4"]
[White "Dao, Thien Hai"]
[Black "Gupta, Abhijeet"]
[Result "1/2-1/2"]
[WhiteElo "2514"]
[BlackElo "2644"]
[PlyCount "0"]
[EventDate "2012.05.17"]
[EventType "team"]
[EventRounds "9"]
[EventCountry "CHN"]
[WhiteTeam "Vietnam"]
[BlackTeam "India"]

1. d4 Nf6 2. c4 g6 3. Nc3 d5 4. Nf3 Bg7 5. Bf4 O-O 6. e3 c5 7. dxc5 Qa5 8. Rc1
dxc4 9. Bxc4 Qxc5 10. Bb3 Qa5 11. O-O Na6 12. e4 Nc5 13. e5 Rd8 14. Qe2 Nxb3
15. axb3 Nd5 16. Nxd5 Rxd5 17. Rfd1 Rxd1+ 18. Rxd1 Be6 19. Nd4 Bd5 20. e6 f5
21. h3 Bf6 22. Qe3 Qb6 23. Be5 Rf8 24. Bxf6 Rxf6 25. Re1 Qd6 26. Qe5 Qxe5 27.
Rxe5 Bc6 28. Ra5 a6 29. f3 Rf8 30. Nxc6 bxc6 31. Rxa6 Rb8 32. Rxc6 Rxb3 33. Rc2
Kg7 34. Kf2 Kf6 35. Re2 g5 36. Ke1 Rd3 37. Rd2 Rb3 38. Re2 Rd3 39. Rd2 Rb3
1/2-1/2

[Event "2012(Zaozhuang-China) Asian Nations Chess Cup"]
[Site "ZaoZhuang, China"]
[Date "2012.05.24"]
[Round "7"]
[Board "1"]
[White "Jumabayev, Rinat"]
[Black "Zhou, Weiqi"]
[Result "1/2-1/2"]
[WhiteElo "2556"]
[BlackElo "2624"]
[PlyCount "0"]
[EventDate "2012.05.17"]
[EventType "team"]
[EventRounds "9"]
[EventCountry "CHN"]
[WhiteTeam "Kazakhstan"]
[BlackTeam "China 2"]

1. Nf3 Nf6 2. c4 e6 3. g3 d5 4. d4 dxc4 5. Bg2 Bb4+ 6. Bd2 c5 7. Qc1 O-O 8. O-O
Bxd2 9. Nbxd2 cxd4 10. Nxc4 Nc6 11. Rd1 h6 12. Qf4 Nd5 13. Qe4 f5 14. Qd3 Qf6
15. Rd2 Rd8 16. Rad1 b5 17. Na3 b4 18. Nc2 Nc3 19. bxc3 bxc3 20. Qc4 cxd2 21.
Qxc6 Rb8 22. Qc4 Rb6 23. Nb4 d3 24. Nxd3 Ba6 25. Qc2 Bxd3 26. exd3 Qb2 27. Rxd2
Qxc2 28. Rxc2 Rb1+ 29. Bf1 Rxd3 30. Kg2 Rxf1 31. Rc8+ Kh7 32. Kxf1 Rxf3 33. Re8
Ra3 34. Rxe6 Rxa2 35. h4 f4 36. gxf4 Ra4 37. Re7 Rxf4 38. Rxa7 Rxh4 39. Kg2
Rg4+ 40. Kh3 Rg1 41. Ra6 Rg6 42. Ra5 Rf6 43. Kg3 Kg6 44. f3 Rf5 45. Ra6+ Kh5
46. Rb6 Rg5+ 47. Kh3 Rg1 48. Ra6 Kg5 49. Kh2 Re1 50. Kg3 Kf5 51. Ra5+ Re5 52.
Ra7 Kf6 53. Ra6+ Re6 54. Ra5 Rb6 55. Kh3 Rb1 56. Kg2 Re1 57. Kf2 Re5 58. Ra6+
Re6 59. Ra5 Re5 60. Ra6+ Kg5 61. Kg3 Rf5 62. Ra7 g6 63. Ra6 Rb5 64. Ra4 Kf5 65.
Rf4+ Ke6 66. Ra4 Kf6 67. Rf4+ Rf5 68. Ra4 h5 69. Ra6+ Kg5 70. Ra4 h4+ 71. Kg2
Kh5 72. Rb4 Rg5+ 73. Kh2 Rf5 74. Kg2 Rf6 75. Rb8 g5 76. Rb2 Rd6 77. Ra2 Kg6 78.
Rb2 Rd5 79. Ra2 Kf5 80. Rb2 Rd4 81. Ra2 Kf4 82. Kf2 Rd5 83. Ra4+ Ke5 84. Ra2
Kd4 85. Ra4+ Ke5 86. Re4+ Kf5 87. Re2 Rc5 88. Kg2 Rc4 89. Kf2 Kf4 90. Ra2 Rb4
91. Rc2 Rd4 92. Ra2 h3 93. Rb2 Ra4 94. Rc2 Rb4 95. Ra2 h2 96. Kg2 h1=Q+ 97.
Kxh1 Kg3 98. Rg2+ Kxf3 99. Rxg5 1/2-1/2

[Event "2012(Zaozhuang-China) Asian Nations Chess Cup"]
[Site "ZaoZhuang, China"]
[Date "2012.05.24"]
[Round "7"]
[Board "2"]
[White "Zhou, Jianchao"]
[Black "Kazhgaleyev, Murtas"]
[Result "1-0"]
[WhiteElo "2609"]
[BlackElo "2595"]
[PlyCount "0"]
[EventDate "2012.05.17"]
[EventType "team"]
[EventRounds "9"]
[EventCountry "CHN"]
[WhiteTeam "China 2"]
[BlackTeam "Kazakhstan"]

1. d4 d5 2. c4 c6 3. Nf3 Nf6 4. Nc3 a6 5. g3 Bf5 6. Bg2 e6 7. O-O h6 8. Nd2 Be7
9. e4 dxe4 10. Ndxe4 Nxe4 11. Nxe4 Bxe4 12. Bxe4 Nd7 13. Bg2 Nf6 14. Qb3 Qd7
15. Bf4 O-O 16. Rfd1 b5 17. Rac1 Rfc8 18. Be5 bxc4 19. Rxc4 Nd5 20. Qf3 a5 21.
b3 Ra7 22. h4 Bd6 23. Qg4 Bf8 24. Rdc1 Qb7 25. Qe2 Qa8 26. Qc2 Nb4 27. Qd2 Nd5
28. Qc2 Nb4 29. Qd2 Nd5 30. Be4 a4 31. b4 Qb7 32. a3 Qb6 33. Bb1 f6 34. Bf4 Rd7
35. Be3 f5 36. Qe2 Rd6 37. Bc2 Ra8 38. Bd1 Qb7 39. Qc2 Rc8 40. Bf3 Nxe3 41.
fxe3 Qf7 42. Bxc6 Rdd8 43. Be8 Rxe8 44. Rxc8 Re7 45. Qg2 Qg6 46. Rd8 Qg4 47.
Kf2 Rf7 48. Qf3 Qg6 49. Rcc8 1-0

[Event "2012(Zaozhuang-China) Asian Nations Chess Cup"]
[Site "ZaoZhuang, China"]
[Date "2012.05.24"]
[Round "7"]
[Board "3"]
[White "Ismagambetov, Anuar"]
[Black "Wen, Yang"]
[Result "1-0"]
[WhiteElo "2478"]
[BlackElo "2550"]
[PlyCount "0"]
[EventDate "2012.05.17"]
[EventType "team"]
[EventRounds "9"]
[EventCountry "CHN"]
[WhiteTeam "Kazakhstan"]
[BlackTeam "China 2"]

1. e4 c5 2. Nf3 d6 3. d4 cxd4 4. Nxd4 Nf6 5. Nc3 a6 6. Be3 Ng4 7. Bg5 h6 8. Bh4
g5 9. Bg3 Bg7 10. Bc4 Nc6 11. Nxc6 bxc6 12. h4 Qb6 13. Bb3 Rf8 14. hxg5 hxg5
15. Qd2 Bf6 16. O-O-O a5 17. e5 Nxe5 18. Ne4 a4 19. Nxf6+ exf6 20. Bxf7+ Kxf7
21. Bxe5 dxe5 22. Rh7+ Kg6 23. Qd3+ Bf5 24. Rdh1 Bxd3 25. g4 1-0

[Event "2012(Zaozhuang-China) Asian Nations Chess Cup"]
[Site "ZaoZhuang, China"]
[Date "2012.05.24"]
[Round "7"]
[Board "1"]
[White "Goh, Wei Ming Kevin"]
[Black "Camacho Collados, Jose"]
[Result "1-0"]
[WhiteElo "2426"]
[BlackElo "2353"]
[PlyCount "0"]
[EventDate "2012.05.17"]
[EventType "team"]
[EventRounds "9"]
[EventCountry "CHN"]
[WhiteTeam "Singapore"]
[BlackTeam "Korea"]

1. e4 c5 2. Nf3 Nc6 3. Bb5 g6 4. Bxc6 dxc6 5. d3 Bg7 6. h3 Nf6 7. Nc3 Nd7 8.
Be3 e5 9. Qd2 h6 10. O-O Qe7 11. Nh2 Nf8 12. f4 exf4 13. Bxf4 Ne6 14. Bg3 h5
15. Kh1 g5 16. Nf3 Bh6 17. Qf2 Rg8 18. Nd1 Nf4 19. Nxg5 Nxd3 20. cxd3 Bxg5 21.
Bd6 Qe6 22. Bxc5 b6 23. Be3 Ba6 24. Bxg5 Rxg5 25. Qh4 Qg6 26. Rf5 Rxg2 27. Ne3
Rg3 28. Re5+ Kf8 29. Nf5 Rg2 30. Qe7+ Kg8 31. Nh4 1-0

[Event "2012(Zaozhuang-China) Asian Nations Chess Cup"]
[Site "ZaoZhuang, China"]
[Date "2012.05.24"]
[Round "7"]
[Board "2"]
[White "Lee, Sanghoon"]
[Black "Chan, Yi Ren Daniel"]
[Result "1/2-1/2"]
[WhiteElo "2137"]
[BlackElo "2333"]
[PlyCount "0"]
[EventDate "2012.05.17"]
[EventType "team"]
[EventRounds "9"]
[EventCountry "CHN"]
[WhiteTeam "Korea"]
[BlackTeam "Singapore"]

1. c4 Nf6 2. g3 c5 3. Bg2 d5 4. cxd5 Nxd5 5. Nc3 Nb4 6. a3 N4c6 7. Nf3 e5 8. d3
Be7 9. O-O Be6 10. Be3 O-O 11. Rc1 f6 12. Na4 b6 13. Nd2 Qd7 14. b4 cxb4 15.
axb4 Bxb4 16. Bxb6 axb6 17. Nxb6 Qb7 18. Nxa8 Qxa8 19. Qc2 Rc8 20. Qb2 Qa5 21.
Nc4 Qd8 22. Ne3 Qd4 23. Qxd4 Nxd4 24. Rxc8+ Bxc8 25. Rb1 Na6 26. Nd5 Bc5 27. e3
Nf5 28. Rb5 Nd6 29. Ra5 Kf7 30. d4 exd4 31. Bf1 d3 32. Bxd3 Nb4 33. Rxc5 Nxd3
34. Rc7+ Ke6 35. Nf4+ Nxf4 36. gxf4 Bd7 37. f3 f5 38. Kf2 Ne8 39. Rc5 Nf6 40.
Ke2 Kd6 41. Ra5 g6 42. Kd3 Bc6 43. Ke2 Ke7 44. Ra7+ Kd6 45. Rf7 Ke6 46. Rc7 Kd6
47. Rf7 Ke6 1/2-1/2

[Event "2012(Zaozhuang-China) Asian Nations Chess Cup"]
[Site "ZaoZhuang, China"]
[Date "2012.05.24"]
[Round "7"]
[Board "3"]
[White "Chan, Peng Kong"]
[Black "Chogdov, Munkhbat"]
[Result "1/2-1/2"]
[WhiteElo "2252"]
[BlackElo "2245"]
[PlyCount "0"]
[EventDate "2012.05.17"]
[EventType "team"]
[EventRounds "9"]
[EventCountry "CHN"]
[WhiteTeam "Singapore"]
[BlackTeam "Korea"]

1. d4 d5 2. c4 c6 3. Nf3 dxc4 4. e3 b5 5. a4 Bb7 6. axb5 cxb5 7. b3 cxb3 8.
Bxb5+ Bc6 9. Qxb3 e6 10. Ne5 Bxb5 11. Qxb5+ Nd7 12. O-O Ngf6 13. Nd2 Qb6 14.
Qxb6 Nxb6 15. Ba3 Bxa3 16. Rxa3 O-O 17. Nc6 a5 18. Rb1 Nbd5 19. Rxa5 Rxa5 20.
Nxa5 g6 21. Nc6 Nd7 22. Rb7 Rc8 23. Rxd7 Rxc6 24. g3 Nf6 25. Rd8+ Kg7 26. f3
Rc2 27. Nf1 Nd5 28. Ra8 Nc3 29. Ra1 Ne2+ 30. Kh1 Nc3 31. Re1 Rf2 32. Rc1 Nd5
33. Kg1 Rxf3 34. Kg2 Rxe3 35. Nxe3 Nxe3+ 36. Kf3 Nd5 37. Ra1 h5 38. h4 Nf6 39.
Kf4 Ng4 40. Ra5 Nf6 41. Ke5 Ng4+ 42. Kf4 Nf6 43. Ke5 Ng4+ 44. Kf4 Nf6 45. Ra7
Ng4 46. Ra6 Nf6 47. Ra5 Kf8 48. Ke5 Kg7 49. Ra1 Ng4+ 50. Kf4 Nf6 51. Ra3 Nd5+
52. Ke4 Nf6+ 53. Ke5 Ng4+ 54. Kd6 Nf6 55. Ke5 Ng4+ 56. Kf4 Nf6 57. Ke5 1/2-1/2

[Event "2012(Zaozhuang-China) Asian Nations Chess Cup"]
[Site "ZaoZhuang, China"]
[Date "2012.05.24"]
[Round "7"]
[Board "4"]
[White "Kim, Changhoon"]
[Black "Iskandar, Bin Abdullah"]
[Result "0-1"]
[WhiteElo "1791"]
[BlackElo "2010"]
[PlyCount "0"]
[EventDate "2012.05.17"]
[EventType "team"]
[EventRounds "9"]
[EventCountry "CHN"]
[WhiteTeam "Korea"]
[BlackTeam "Singapore"]

1. Nf3 Nf6 2. c4 g6 3. g3 Bg7 4. Bg2 d6 5. Nc3 O-O 6. O-O c5 7. b3 Nc6 8. Bb2
a6 9. d3 Rb8 10. Qd2 b5 11. Nd5 e5 12. Nxf6+ Qxf6 13. Ng5 Bb7 14. Ne4 Qe7 15.
Nc3 b4 16. Nd5 Qd8 17. e3 Ne7 18. Nxe7+ Qxe7 19. Bxb7 Qxb7 20. f4 f5 21. fxe5
dxe5 22. d4 exd4 23. exd4 cxd4 24. Qf2 Rbd8 25. Rad1 Rf7 26. Qf3 Qe4 27. Kg2
Rfd7 28. Rfe1 Qc2+ 29. Qf2 d3 30. Rd2 Bxb2 31. Rxc2 dxc2 32. Qb6 c1=Q 33. Qe6+
Rf7 34. Rxc1 Bxc1 35. Qb6 Rd2+ 36. Kh3 g5 37. g4 f4 38. Qb8+ Rf8 39. Qe5 Bb2
40. Qxg5+ Bg7 41. c5 f3 42. Qxd2 f2 43. Qd5+ Kh8 44. c6 f1=Q+ 45. Kg3 Qf2+ 0-1

[Event "2012(Zaozhuang-China) Asian Nations Chess Cup"]
[Site "ZaoZhuang, China"]
[Date "2012.05.24"]
[Round "7"]
[Board "1"]
[White "Gundavaa, Bayarsaikhan"]
[Black "Nasser, Zendan Ali"]
[Result "1/2-1/2"]
[WhiteElo "2516"]
[BlackElo "2377"]
[PlyCount "0"]
[EventDate "2012.05.17"]
[EventType "team"]
[EventRounds "9"]
[EventCountry "CHN"]
[WhiteTeam "Mongolia"]
[BlackTeam "Yemen"]

1. d4 Nf6 2. c4 e6 3. Nc3 d5 4. cxd5 exd5 5. Bg5 c6 6. Qc2 Be7 7. e3 O-O 8. Bd3
Nbd7 9. Nge2 Re8 10. O-O Nf8 11. f3 Nh5 12. Bxe7 Qxe7 13. e4 dxe4 14. fxe4 Bg4
15. Rf2 Ne6 16. Raf1 Rf8 17. e5 g6 18. Bc4 Bxe2 19. Nxe2 Rad8 20. Qc3 Kh8 21.
Qe3 Nhg7 22. a3 Qd7 23. Qh6 Nxd4 24. Ng3 Ndf5 25. Nxf5 Nxf5 26. Rxf5 Qd4+ 27.
Kh1 Qxc4 28. Rf6 Qd4 29. Rxg6 Qxe5 30. h3 Qxb2 31. Rf5 Rg8 32. Rxg8+ Rxg8 33.
g4 Rd8 34. Rf1 Qe5 35. Kg2 Qg7 36. Qf4 Kg8 37. Rf2 Rf8 38. Rd2 f5 39. g5 Qe7
40. Kh2 Re8 41. Qxf5 Qe5+ 42. Qxe5 Rxe5 43. Rd7 Rxg5 44. Rxb7 Ra5 45. Rc7 c5
46. Kg3 Rxa3+ 47. Kg4 Ra6 48. Rxc5 Rf6 49. Kg5 Kg7 50. Rc7+ Rf7 51. Rc6 Kf8 52.
Ra6 Ke8 53. h4 Kd8 54. h5 Kc8 55. Ra1 Kb7 56. Rb1+ Ka8 57. Ra1 Kb8 58. Kh6 Kb7
59. Rb1+ Kc6 60. Rc1+ Kb6 61. Rb1+ Kc6 62. Rc1+ Kb6 1/2-1/2

[Event "2012(Zaozhuang-China) Asian Nations Chess Cup"]
[Site "ZaoZhuang, China"]
[Date "2012.05.24"]
[Round "7"]
[Board "2"]
[White "Ahmed, Hatem Ebrahim"]
[Black "Munkhgal, Gombosuren"]
[Result "0-1"]
[WhiteElo "2278"]
[BlackElo "2387"]
[PlyCount "0"]
[EventDate "2012.05.17"]
[EventType "team"]
[EventRounds "9"]
[EventCountry "CHN"]
[WhiteTeam "Yemen"]
[BlackTeam "Mongolia"]

1. e4 e6 2. d4 d5 3. Nc3 Bb4 4. e5 c5 5. a3 Bxc3+ 6. bxc3 Ne7 7. Nf3 b6 8. Bb5+
Bd7 9. Bd3 c4 10. Be2 Ba4 11. h4 h6 12. h5 Kd7 13. Nh4 Qg8 14. g4 Nbc6 15. f4
Qh7 16. f5 Kc7 17. O-O g5 18. hxg6 fxg6 19. fxe6 Raf8 20. Ra2 g5 21. Ng2 Qg6
22. Ne3 Qxe6 23. Bf3 Rf7 24. Qe2 Rhf8 25. Bd2 Nd8 26. Qg2 Bc6 27. Raa1 Qd7 28.
a4 a5 29. Bc1 Ne6 30. Ba3 Nf4 31. Qh1 Qe6 32. Rab1 Rd8 33. Rb2 Neg6 34. Rfb1
Nh4 35. Bd1 b5 36. axb5 Bb7 37. b6+ Kb8 38. Rb5 h5 39. Rc5 Nfg6 40. Rc7 Rxc7
41. bxc7+ Kxc7 42. Nxc4 hxg4 43. Bd6+ Rxd6 44. Nxd6 Nxe5 45. Rxb7+ Kc6 46. dxe5
Qxe5 47. Bxg4 Qxd6 48. Rd7 Qg3+ 49. Kf1 Qf4+ 50. Ke1 Qc1+ 51. Bd1 Qe3+ 52. Kf1
Qf4+ 53. Kg1 Qe3+ 54. Kf1 Qd2 55. Bf3 Qc1+ 56. Kf2 Qxc2+ 57. Kg3 Nf5+ 58. Kh3
Kxd7 59. Bxd5 Qf2 60. Qf3 Qxf3+ 61. Bxf3 Ne3 62. Be4 a4 63. Bb1 Ke6 64. Kg3 Nd1
65. Ba2+ Ke5 66. Kg4 Nxc3 67. Bc4 Kd4 0-1

[Event "2012(Zaozhuang-China) Asian Nations Chess Cup"]
[Site "ZaoZhuang, China"]
[Date "2012.05.24"]
[Round "7"]
[Board "3"]
[White "Battulga, Namkhai"]
[Black "Ali, Yahya Saleh"]
[Result "1-0"]
[WhiteElo "2397"]
[BlackElo "2256"]
[PlyCount "0"]
[EventDate "2012.05.17"]
[EventType "team"]
[EventRounds "9"]
[EventCountry "CHN"]
[WhiteTeam "Mongolia"]
[BlackTeam "Yemen"]

1. d4 Nf6 2. Nc3 c5 3. d5 e6 4. Bg5 d6 5. e4 a6 6. dxe6 Bxe6 7. f4 Be7 8. f5
Bc8 9. a4 O-O 10. Nf3 Re8 11. Be2 Nbd7 12. O-O b6 13. Bc4 Bb7 14. Re1 Qc7 15.
Qd3 Bf8 16. Rad1 Be7 17. Bf4 Ne5 18. Bxe5 dxe5 19. Bxf7+ Kh8 20. Ng5 Red8 21.
Qh3 Rxd1 22. Rxd1 h6 23. Bc4 Bc6 24. Nf7+ Kh7 25. Qg3 g5 26. fxg6+ Kg7 27. Qh3
h5 28. Ng5 Bd7 29. Be6 Bc8 30. Qf5 c4 31. Bxc8 Qxc8 32. Ne6+ Kg8 33. Nd5 1-0

[Event "2012(Zaozhuang-China) Asian Nations Chess Cup"]
[Site "ZaoZhuang, China"]
[Date "2012.05.24"]
[Round "7"]
[Board "4"]
[White "Salman, Saleh"]
[Black "Nasanjargal, Urtnasan"]
[Result "0-1"]
[WhiteElo "2010"]
[BlackElo "2304"]
[PlyCount "0"]
[EventDate "2012.05.17"]
[EventType "team"]
[EventRounds "9"]
[EventCountry "CHN"]
[WhiteTeam "Yemen"]
[BlackTeam "Mongolia"]

1. e4 c5 2. Nf3 d6 3. d4 cxd4 4. Nxd4 Nf6 5. Nc3 a6 6. Be2 e5 7. Nb3 Be7 8. Be3
O-O 9. O-O Nbd7 10. Qd2 b5 11. a3 Bb7 12. f3 Rc8 13. Rad1 Nb6 14. Qe1 d5 15.
exd5 Nbxd5 16. Nxd5 Nxd5 17. Bd3 f5 18. Qf2 e4 19. Be2 f4 20. Bd4 Bh4 21. g3
Qg5 22. Qg2 fxg3 23. hxg3 Bxg3 24. Nd2 Nf4 25. Be3 Bh2+ 0-1